Hệ thống cung cấp điện của xí nghiệp công nghiệp, đô thị và nhà cao tầng

Cuốn sách gồm 3 phần đề cập: Nguyên lý cơ bản của hệ thống cung cấp điện; Hệ thống cung cấp điện trong các lĩnh vực kinh tế Quốc dân.

שמור ב:
מידע ביבליוגרפי
מחבר ראשי: Nguyễn, Công Hiền
פורמט: ספר
שפה:Undetermined
יצא לאור: Hà Nội Khoa học và Kỹ thuật 2007
נושאים:
תגים: הוספת תג
אין תגיות, היה/י הראשונ/ה לתייג את הרשומה!
Thư viện lưu trữ: Trung tâm Học liệu Trường Đại học Cần Thơ
LEADER 00984nam a2200205Ia 4500
001 CTU_142066
008 210402s9999 xx 000 0 und d
020 |c 74000 
082 |a 621.3192 
082 |b H305 
100 |a Nguyễn, Công Hiền 
245 0 |a Hệ thống cung cấp điện của xí nghiệp công nghiệp, đô thị và nhà cao tầng 
245 0 |c Nguyễn Công Hiền, Nguyễn Mạnh Hoạch 
260 |a Hà Nội 
260 |b Khoa học và Kỹ thuật 
260 |c 2007 
520 |a Cuốn sách gồm 3 phần đề cập: Nguyên lý cơ bản của hệ thống cung cấp điện; Hệ thống cung cấp điện trong các lĩnh vực kinh tế Quốc dân. 
650 |a Electric power supply,Electric circuit analysis,Electric engineering,Kỹ thuật điện,Nguồn điện 
904 |i Giang 
980 |a Trung tâm Học liệu Trường Đại học Cần Thơ